00937nam a2200277Ia 4500001000700000003000500007008004100012010001100053040000900064082001300073100003100086245013100117260003100248300001100279440000500290500010100295503001100396650009400407901001300501902000600514910000900520942000600529942000700535999001900542952009800561Z_3951CHAP220113s1990 xx 000 0 und d a167012 cCHAP a613.2 K7 aKritchevsky, David9141181 aDietary fiber : chemistry, physiology and health effects /cEd. by David Kritchevsky, Charles Bonfield and James W. Anderson aNew York :bPlenum,c1990 a499 p. a aProceedings of the George Vahouny Fiber Conference, held april 19-21, 1988. In Washington, D.C. a180372 aFibra en nutrición humanaxCongresos I. Bonfield, Charles II. Anderson, James W9141182 a613.2 K7 aA a1990 c1 cc1 c167012d167012 00102ddc40708GRALaZbZc3d2005-11-09pz_4234r2022-01-18 00:00:00t1w2022-01-18yLIBRO